书目信息 |
| 题名: |
影视照明
|
|
| 作者: | 美戴维·维拉 著 ;方针 , 方捻 译 | |
| 分册: | ||
| 出版信息: | 上海 复旦大学出版社 1998 |
|
| 页数: | 327页 | |
| 开本: | 29cm | |
| 丛书名: | 影视艺术技术丛书 | |
| 单 册: | ||
| 中图分类: | J914 | |
| 科图分类: | ||
| 主题词: | 电视--艺术--技术 , 电影--技术 | |
| 电子资源: | ||
| ISBN: | 7-309-02102-9 | |
| 000 | 00740nam0 2200241 450 | |
| 001 | 0735592734 | |
| 005 | 20070906095312.73 | |
| 010 | @a7-309-02102-9@d¥32.00 | |
| 100 | @a20070906d km y0chiy0120 ea | |
| 101 | 0 | @achi |
| 200 | 1 | @a影视照明@Aying shi zhao ming@f[美]戴维.维拉著@F[mei]dai wei.wei la zhu@g方捻,方针译@Gfang nian,fang zhen yi |
| 210 | @a上海@c复旦大学出版社@d1998 | |
| 215 | @a327页@d29cm | |
| 225 | 2 | @a影视艺术技术丛书 |
| 410 | 0 | @12001 @a影视艺术技术丛书 |
| 606 | 0 | @a电视@x艺术@x技术 |
| 606 | 0 | @a电影@x技术 |
| 690 | @aJ914@v3 | |
| 701 | 0 | @a美戴维·维拉@Amei dai wei·wei la@4著 |
| 702 | 0 | @a方针@Afang zhen@4译 |
| 702 | 0 | @a方捻@Afang nian@4译 |
| 801 | 0 | @aCN@bPFT@c20070906 |
| 905 | @a213230@dJ914@eP28@f1 | |
| 影视照明/[美]戴维.维拉著/方捻,方针译.-上海:复旦大学出版社,1998 |
| 327页;29cm.-(影视艺术技术丛书) |
| ISBN 7-309-02102-9:¥32.00 |
| ● |
| 相关链接 |
|
|
|
|
正题名:影视照明
索取号:J914/P28
 
预约/预借
| 序号 | 登录号 | 条形码 | 馆藏地/架位号 | 状态 | 备注 |
| 1 | 7201126 | 272011262 | 物理系资料室/ [索取号:J914/P28] | 在馆 |